ՀՀ Գիտությունների ազգային ակադեմիայի հիմնարար գիտական գրադարան  =   Fundamental Scientific Library of NAS RA

Многолетние цветочные и декоративные травянистые растения, расположенные по высоте их и колерам цветов, для легчайшего подбора при устройстве садов и парков, с объяснением посева, ухода, размножения, времени цветения растений и потребной для них почвы / (Record no. 454508)

MARC details
000 -LEADER
fixed length control field 01044nam a22001937a 4500
003 - CONTROL NUMBER IDENTIFIER
control field AM-YEHGA
040 ## - CATALOGING SOURCE
Original cataloging agency AM-YeHGA
090 ## - LOCALLY ASSIGNED LC-TYPE CALL NUMBER (OCLC); LOCAL CALL NUMBER (RLIN)
-- 457499
005 - DATE AND TIME OF LATEST TRANSACTION
control field 20250617160513.0
008 - FIXED-LENGTH DATA ELEMENTS--GENERAL INFORMATION
fixed length control field 201202s ||||| |||| 00| 0 rus d
041 0# - LANGUAGE CODE
Language code of text/sound track or separate title rus
100 1# - MAIN ENTRY--PERSONAL NAME
Personal name Ераков, А.Н.
245 10 - TITLE STATEMENT
Title Многолетние цветочные и декоративные травянистые растения, расположенные по высоте их и колерам цветов, для легчайшего подбора при устройстве садов и парков, с объяснением посева, ухода, размножения, времени цветения растений и потребной для них почвы /
Statement of responsibility, etc. Сост. А.Н. Ераков.
260 ## - PUBLICATION, DISTRIBUTION, ETC.
Place of publication, distribution, etc. Санкт-Петербург :
Name of publisher, distributor, etc. тип. В.С. Балашева,
Date of publication, distribution, etc. 1881.
300 ## - PHYSICAL DESCRIPTION
Extent [4], XIII, [3], 115, [3], 366 с.
653 0# - INDEX TERM--UNCONTROLLED
Uncontrolled term Травянистые растения
653 0# - INDEX TERM--UNCONTROLLED
Uncontrolled term Садоводство
942 ## - ADDED ENTRY ELEMENTS (KOHA)
Source of classification or shelving scheme Universal Decimal Classification
Koha item type Գրքեր / Books
Holdings
Withdrawn status Lost status Source of classification or shelving scheme Damaged status Not for loan Collection Home library Current library Date acquired Total checkouts Full call number Barcode Date last seen Price effective from Koha item type Public note
    Universal Decimal Classification     General Fundamental Scientific Library Fundamental Scientific Library 02/12/2020   PIII/61526 FL0630373 02/12/2020 02/12/2020 Գրքեր / Books 30 Days Loan


ՀՀ ԳԱԱ հիմնարար գիտական գրադարան
ՀՀ,Երևան 0019
Մարշալ Բաղրամյան 24/6
հեռախոս:(374-10) 52-47-50
Հետադարձ կապ

All site content, except where otherwise noted, is licensed under a
Creative Commons License